000 00647nam a22001937a 4500
005 20251108170926.0
008 250721s1996 xx 000 0 ara d
082 1 4 _a301.453563056/كيو
100 1 _aكيوان، مأمون
245 1 0 _aاليهود في الشرق الأوسط :
_bالخروج الأخير من الجيتو الجديد /
264 1 _aعمان :
_bالأهلية للنشر و التوزيع،
_c1996.
300 _a358ص
650 1 7 _aتاريخ اليهود
650 1 7 _aالعلوم السياسية
650 1 7 _aاليهود
650 1 7 _aالبلدان العربية
942 _2ddc
_cBK
999 _c52292
_d52292